|
|
|
|
| LEADER |
00000nab a2200000 a 4500 |
| 001 |
vtls000503890 |
| 003 |
SK-MaSNL |
| 005 |
20260303212635.0 |
| 008 |
140422c1993 xo 0 slo |
| 015 |
|
|
|a SNBRB19rr/mm-uuuuu
|
| 035 |
|
|
|a CL0504028
|
| 040 |
|
|
|a SNKBUCL
|b slo
|c SNKBUCL
|e AACR2
|
| 041 |
0 |
|
|a slo
|
| 044 |
|
|
|a xo
|c SK
|
| 080 |
|
|
|a 82.09:885.4-1(081)(048)
|2 1981
|
| 080 |
|
|
|a 885.4-1(081)(048)
|2 1981
|
| 100 |
1 |
|
|a Hátriková, Božena
|4 aut
|9 1245629
|
| 245 |
1 |
0 |
|a Neznáme hodnoty
|c Božena Hátriková
|
| 650 |
0 |
7 |
|a preromantické básne
|2 snkbucl
|9 116819
|
| 655 |
|
7 |
|a články z novín a časopisov
|2 snkbucl
|9 267496
|
| 655 |
|
7 |
|a články z odboru literárna veda a krásna literatúra
|2 snkbucl
|9 770045
|
| 700 |
1 |
|
|a Kuzmány, Karol,
|d 1806-1866
|4 aut
|9 93003
|
| 773 |
0 |
|
|t Literárny týždenník
|g Roč. 6, č. 45 (1993), s. 5
|
| 787 |
0 |
8 |
|i Rec.:
|a Kuzmány, Karol
|t Sláva šľachetným
|d Bratislava : Tatran, 1993
|
| 850 |
|
|
|a Slovenská národná knižnica v Martine
|a MTA001
|
| 852 |
|
|
|a SNK
|b KIS3GCP
|
| 958 |
|
|
|a RK
|
| 958 |
|
|
|a LX
|
| 999 |
|
|
|c 2208331
|d 2210261
|